000 00505nam a2200169Ia 4500
005 20250508152825.0
008 008 250505s9999 xx 000 0 eng d
037 _aBooks to be hide in OPAC
040 _aFEDL
_beng
_cFEDL
041 _aeng
_2eng
084 _a500, COL/O
_qFEDL
245 0 _aTriumphs of science and discovery : Man's conquest of materials
260 _aLondon, UK
_bOdhams Press Limited
_c1961
300 _a192p.
942 _cHB
_h500, COL/O
999 _c1338990
_d1338990